|
|
|
|
| LEADER |
02156nam a2200493 i 4500 |
| 001 |
EBC3318862 |
| 003 |
MiAaPQ |
| 005 |
20200520144314.0 |
| 006 |
m o d | |
| 007 |
cr cnu|||||||| |
| 008 |
141219t20142014mdu ob 001 0 eng d |
| 020 |
|
|
|z 9781421414249
|
| 020 |
|
|
|a 9781421414256
|q (electronic bk.)
|
| 035 |
|
|
|a (MiAaPQ)EBC3318862
|
| 035 |
|
|
|a (Au-PeEL)EBL3318862
|
| 035 |
|
|
|a (CaPaEBR)ebr10993804
|
| 035 |
|
|
|a (OCoLC)897815202
|
| 040 |
|
|
|a MiAaPQ
|b eng
|e rda
|e pn
|c MiAaPQ
|d MiAaPQ
|
| 043 |
|
|
|a e-sp---
|a n-mx---
|a n-us---
|
| 050 |
|
4 |
|a HF3686
|b .S74 2014
|
| 082 |
0 |
|
|a 972/.02
|2 23
|
| 100 |
1 |
|
|a Stein, Barbara H.,
|e author.
|
| 245 |
1 |
0 |
|a Crisis in an Atlantic empire :
|b Spain and new Spain, 1808-1810 /
|c Barbara H. Stein and Stanley J. Stein.
|
| 264 |
|
1 |
|a Baltimore, Maryland :
|b Johns Hopkins University Press,
|c 2014.
|
| 264 |
|
4 |
|c 2014
|
| 300 |
|
|
|a 1 online resource (808 pages)
|
| 336 |
|
|
|a text
|2 rdacontent
|
| 337 |
|
|
|a computer
|2 rdamedia
|
| 338 |
|
|
|a online resource
|2 rdacarrier
|
| 504 |
|
|
|a Includes bibliographical references and index.
|
| 588 |
|
|
|a Description based on print version record.
|
| 590 |
|
|
|a Electronic reproduction. Ann Arbor, MI : ProQuest, 2015. Available via World Wide Web. Access may be limited to ProQuest affiliated libraries.
|
| 651 |
|
0 |
|a Spain
|x Commerce
|z Mexico
|x History
|y 19th century.
|
| 651 |
|
0 |
|a Spain
|x Colonies
|z America
|x Commerce
|x History
|y 19th century.
|
| 651 |
|
0 |
|a Mexico
|x Commerce
|x History
|y 19th century.
|
| 651 |
|
0 |
|a America
|x Commerce
|z Spain
|x History
|y 19th century.
|
| 651 |
|
0 |
|a Spain
|x Relations
|z Mexico
|y 19th century.
|
| 651 |
|
0 |
|a Mexico
|x Relations
|z Spain
|y 19th century.
|
| 651 |
|
0 |
|a Mexico
|x Politics and government
|y 19th century.
|
| 655 |
|
4 |
|a Electronic books.
|
| 700 |
1 |
|
|a Stein, Stanley J.,
|e author.
|
| 776 |
0 |
8 |
|i Print version:
|a Stein, Barbara H.
|t Crisis in an Atlantic empire : Spain and new Spain, 1808-1810.
|d Baltimore, Maryland : Johns Hopkins University Press, c2014
|h 795 pages
|z 9781421414249
|w 2013044777
|
| 797 |
2 |
|
|a ProQuest (Firm)
|
| 856 |
4 |
0 |
|u https://ebookcentral.proquest.com/lib/matrademy/detail.action?docID=3318862
|z Click to View
|